Can You Beat Soup? - Statistics

General Stats
  • This quiz has been taken 40 times
  • The average score is 5 of 13
Answer Stats
# Question Answer % Correct
#1 Which US city forms a metropolitan area with the Mexican city of Ciudad Juarez? El Paso
70%
#6 In which Australian state is the city of Cairns located? Queensland
65%
#2 You will have to set your clock ahead three and a half hours if you cross the border between China and which other country? Afghanistan
62%
#3 What is the capital of the Northwest Territories? Yellowknife
59%
#7 What is the name of the large lake located on the border of Peru and Bolivia? Lake Titicaca
57%
#9 Which Brazilian state shares its name with the second longest river in South America? Paraná
41%
#13 Which country has these three statistics?Land Area Rank: 169th
Largest Religion: Orthodox Christianity Name in Native Language: Crna Gora
Montenegro
35%
#10 What is the name of the British overseas territory located in Cyprus? Akrotiri and Dhekelia
30%
#11 Which subdivision's name is hidden? https://cdn.discordapp.com/attachments/1136373145348083712/1136392050883960944/image.png Xinjiang
27%
#5 Which disputed territory has this flag and shape? https://cdn.discordapp.com/attachments/1136373145348083712/1136389370400743564/image.png Somaliland
24%
#8 African Flags: Which of these countries' flags have a star exactly in the center of the flag?🇦 South Sudan 🇧 Senegal 🇨 Ghana 🇩 Zambia 🇪 Djibouti 🇫 Morocco 🇬 Uganda 🇭 Cameroon 🇮 Burkina Faso 🇯 Central African Republic 🇰 Somalia 🇱 DR Congo (Put in your answer as a series of letters) BCFHIK
19%
#4 In 2020, what was the population of the island of Java? (Round your answer to the nearest 100,000) 151,600,000
14%
#12 Order these islands by land area, from largest to smallest.🇦 Hokkaido 🇧 North Island 🇨 Borneo 🇩 Great Britain 🇪 Java 🇫 Luzon 🇬 Iceland 🇭 Greenland 🇮 Honshu 🇯 Madagascar (Again, put in your answer as a series of letters) HCJIDEBFGA
0%
No matching quizzes found
Score Distribution
Percent of People with Each Score
Percentile by Number Answered
Your Score History
You have not taken this quiz